000 00917nam a2200181Ia 4500
008 090123s9999 xx 000 0 und d
082 _b2263
100 _aप्रसिध्दी विभाग महाराष्ट्र राज्य
245 _aमहात्मा गांधी यांचे संकलित वाङमय भाग 18
250 _a0
260 _bनवजीवन ट्रस्ट
300 _a599
600 _aप्रसिध्दी विभाग महाराष्ट्र राज्य
630 _aमहात्मा गांधी यांचे संकलित वाङमय भाग 18
700 _aप्रसिध्दी विभाग महाराष्ट्र राज्य
730 _aमहात्मा गांधी यांचे संकलित वाङमय भाग 18
942 _cBOOK
999 _c40347
_d40347